| 000 | 00617nam a2200241Ia 4500 | ||
|---|---|---|---|
| 003 | OSt | ||
| 005 | 20140315103130.0 | ||
| 008 | 140130s9999 xx 000 0 und d | ||
| 020 | _a0590065653 | ||
| 050 |
_aPZ 7 _b.W1137Can 1996 |
||
| 100 | _aWaddell, Martin. | ||
| 245 |
_cMartin Waddell. _aCan't Sleep Little Bear / |
||
| 260 |
_bScholastic Inc., _aUSA : _cc1996. |
||
| 300 |
_a26 p. : _bcol. ill. ; _c26 cm. |
||
| 440 | _v1 | ||
| 521 | _aG2 | ||
| 526 | _c450 | ||
| 650 |
_aBears _xFiction. |
||
| 650 |
_aFear of the dark _xFiction. |
||
| 650 |
_aBedtime _xFiction. |
||
| 942 |
_cBK _2lcc |
||
| 999 |
_c40370 _d40370 |
||